UPSC: General Studies Paper 2 (Record no. 138319)

MARC details
000 -LEADER
fixed length control field 00557nam a22001937a 4500
003 - CONTROL NUMBER IDENTIFIER
control field OSt
005 - DATE AND TIME OF LATEST TRANSACTION
control field 20260530144242.0
008 - FIXED-LENGTH DATA ELEMENTS--GENERAL INFORMATION
fixed length control field 260530b |||||||| |||| 00| 0 eng d
020 ## - INTERNATIONAL STANDARD BOOK NUMBER
International Standard Book Number 978-93-69140-23-7
040 ## - CATALOGING SOURCE
Transcribing agency SBCL
082 ## - DEWEY DECIMAL CLASSIFICATION NUMBER
Classification number 371.26
Item number PUR-U
100 ## - MAIN ENTRY--PERSONAL NAME
Personal name Puri, Gautam
245 ## - TITLE STATEMENT
Title UPSC: General Studies Paper 2
Remainder of title CSAT:31 Years S olved Papers
260 ## - PUBLICATION, DISTRIBUTION, ETC.
Place of publication, distribution, etc. New Delhi
Name of publisher, distributor, etc. Career Launcher Infrastructure
Date of publication, distribution, etc. 2026
300 ## - PHYSICAL DESCRIPTION
Extent 250p.
630 ## - SUBJECT ADDED ENTRY--UNIFORM TITLE
General subdivision Social sciences
650 ## - SUBJECT ADDED ENTRY--TOPICAL TERM
Topical term or geographic name entry element Education
-- Schools & their activities; special education
942 ## - ADDED ENTRY ELEMENTS (KOHA)
Koha item type BOOK
Holdings
Withdrawn status Lost status Source of classification or shelving scheme Damaged status Use restrictions Not for loan Home library Current library Date acquired Cost, normal purchase price Total Checkouts Full call number Barcode Shelving location Date last seen Price effective from Koha item type
    Dewey Decimal Classification   RESTRICTED   SB LIBRARY SB LIBRARY 30/05/2026 450.00   371.26 PUR-U 143621 REFERENCE READING ROOM 30/05/2026 30/05/2026 BOOK

Powered by Koha